| 000 | 00388nam a2200121 4500 | ||
|---|---|---|---|
| 999 |
_c14088 _d14088 |
||
| 008 | 190801b ||||| |||| 00| 0 eng d | ||
| 100 |
_939109 _aFenequito Jr., Armando B. |
||
| 245 |
_aDeped to establish schools in ancestral domain areas/ _cArmando B. Fenequito Jr |
||
| 260 |
_aPhilippines: _bManila Bulletin; _cc2019. |
||
| 300 | _apage 7. | ||
| 650 | 0 |
_939110 _aSchools. |
|
| 942 |
_2ddc _cPER |
||